Dealing with non-conforming pastors' kids : (Record no. 25122)

MARC details
000 -LEADER
fixed length control field 00667nam a22001697a 4500
003 - CONTROL NUMBER IDENTIFIER
control field AUA.1
005 - DATE AND TIME OF LATEST TRANSACTION
control field 20251028162152.0
008 - FIXED-LENGTH DATA ELEMENTS--GENERAL INFORMATION
fixed length control field 250701b |||||||| |||| 00| 0 eng d
040 ## - CATALOGING SOURCE
Transcribing agency JTL
100 ## - MAIN ENTRY--PERSONAL NAME
Personal name Njeru, Ernest Ireri
245 ## - TITLE STATEMENT
Title Dealing with non-conforming pastors' kids :
Remainder of title A model of ministry for Seventh-day Adventist pastors' children in selected conferences of East Kenya Union Conference /
Statement of responsibility, etc Ernest Ireri Njeru.
260 ## - PUBLICATION, DISTRIBUTION, ETC. (IMPRINT)
Date of publication, distribution, etc c2024.
300 ## - PHYSICAL DESCRIPTION
Extent x, 103 leaves :
Other physical details Illustrations :
Dimensions 30 cm.
610 ## - SUBJECT ADDED ENTRY--CORPORATE NAME
Corporate name or jurisdiction name as entry element Seventh-day Adventists Church :
Subordinate unit East Kenya Union Conference
650 ## - SUBJECT ADDED ENTRY--TOPICAL TERM
Topical term or geographic name as entry element Children of clergy
942 ## - ADDED ENTRY ELEMENTS (KOHA)
Source of classification or shelving scheme AUA Inhouse Classification
Koha item type Project
Classification part MDiv
Item part .N54 2024
Holdings
Withdrawn status Lost status Source of classification or shelving scheme Damaged status Not for loan Collection code Home library Current library Shelving location Date acquired Source of acquisition Cost, normal purchase price Serial Enumeration / chronology Total Checkouts Full call number Barcode Date last seen Cost, replacement price Price effective from Koha item type
    Library of Congress Classification     JTL Research Collection Judith Thomas Library Judith Thomas Library Judith Thomas Library Research Section 01/07/2025 Theological Seminary 25.00 AUA27909   MDiv .N54 2024 AUA27909 01/07/2025 25.00 01/07/2025 Project